[Event "Eschborn op"]
[Site "Eschborn"]
[Date "2017.10.15"]
[Round "4"]
[White "Ebeling, Gereon"]
[Black "Werner, Elmar"]
[Result "1/2-1/2"]
[WhiteElo "1490"]
[BlackElo "1514"]
[PlyCount "73"]
[EventDate "2017.10.13"]
[EventType "swiss"]
[EventRounds "5"]
[EventCountry "GER"]
[SourceTitle "EXT 2019"]
[Source "ChessBase"]
[SourceDate "2018.10.10"]
[SourceVersion "1"]
[SourceVersionDate "2018.10.10"]
[SourceQuality "1"]

1. e4 c6 2. d4 d5 3. e5 Bf5 4. h4 h5 5. Nf3 e6 6. Be2 Nd7 7. Ng5 Bg6 8. Nd2 c5 9. c3 Ne7 10. Nf1 Nf5 11. f4 cxd4 12. cxd4 Qb6 13. Nf3 Bb4+ 14. Bd2 Nxd4 15. Nxd4 Qxd4 16. Bb5 Bxd2+ 17. Qxd2 Qxd2+ 18. Kxd2 a6 19. Ba4 b5 20. Bb3 Rc8 21. Ng3 Nb6 22. Rac1 Kd7 23. a3 f6 24. Rhf1 Rxc1 25. Kxc1 Rc8+ 26. Kd2 f5 27. Rc1 Nc4+ 28. Bxc4 Rxc4 29. Rxc4 dxc4 30. Kc3 Kc6 31. Kd4 Be8 32. Ne2 Kb6 33. Nc3 Bc6 34. g3 Bf3 35. Nb1 Be2 36. Nd2 g6 37. Nb1 1/2-1/2